[Event "Torneo de Navidad Base y Senior - Casino Primitivo"]
[Site "Calle Maestra 3 (Palacio de Cultura) - Jaén, Spain"]
[Date "2024.12.14"]
[Round "7.6"]
[White "Lirio Palomino, Javier"]
[Black "Cuevas Padilla, Bernabe"]
[Result "*"]
[WhiteElo "1670"]
[BlackElo "1895"]
[PlyCount "54"]
[GameId "2123155620710208"]
[EventDate "2024.??.??"]

{[%evp 0,50,21,12,27,32,28,30,42,31,28,9,26,16,34,33,24,4,21,-80,48,-74,61,-7,12,44,6,17,8,-22,4,-8,0,59,15,-38,-39,-32,-67,-19,1,169,-29,-11,-15,-321,-19,-75,-89,-8,4,-672,-571]} 1. e4 d6 2. d4 Nf6 3. Nc3 g6 4. Bd3 Bg7 5. Bg5 O-O 6. Qd2 Re8 7. O-O-O Nbd7 8. f3 c5 9. Bc4 a6 10. a3 Qa5 11. dxc5 Qxc5 12. Ba2 b5 13. Nge2 Rb8 14. Nd5 Bb7 15. Nec3 a5 16. Be3 Qc6 17. Nxf6+ Nxf6 18. Nd5 Nxd5 19. Qxd5 Qxd5 20. Bxd5 Rec8 21. Ba7 Bxd5 22. Bxb8 Be6 23. Ba7 Bb3 24. Rd2 Bh6 25. Rhd1 Bxc2 26. Bd4 Bd3+ 27. Bc3 b4 *

[Event "Torneo de Navidad Base y Senior - Casino Primitivo"]
[Site "Calle Maestra 3 (Palacio de Cultura) - Jaén, Spain"]
[Date "2024.12.14"]
[Round "7.7"]
[White "Prieto Melendrez, Gustavo"]
[Black "Rusillo Ramirez, Bernabe"]
[Result "1/2-1/2"]
[WhiteElo "1823"]
[BlackElo "1695"]
[PlyCount "46"]
[GameId "2123155654862673"]
[EventDate "2024.??.??"]

{[%evp 0,46,14,-1,24,29,35,32,20,-84,-29,24,27,-7,68,-40,-11,-22,-8,-8,-8,-21,-24,-27,8,-31,-64,-34,-24,-11,6,-17,24,9,-24,-4,-34,8,25,-28,68,182,88,14,88,138,76,-2,90]} 1. e4 e6 2. d4 d5 3. Nd2 c5 4. exd5 exd5 5. Ngf3 Nc6 6. c3 cxd4 7. cxd4 Nf6 8. Bd3 Bb4 9. O-O O-O 10. Nb3 Bg4 11. Bf4 Bd6 12. Bg3 Bxg3 13. hxg3 a5 14. Re1 a4 15. Nc5 Bxf3 16. gxf3 Qb6 17. Nxa4 Qxd4 18. Nc3 Rad8 19. Bb5 Qxd1 20. Raxd1 d4 21. Ne4 Nxe4 22. fxe4 Rfe8 23. f4 Re6 1/2-1/2